La cabeza de goliat /

Guardado en:
Autor Principal: Martínez Estrada, Ezequiel
Otros Autores: Olivera, Luis Enrique, prol.
Formato: Libro
Publicado: Buenos Aires : Losada, 1994
Series:Colección Identidad Nacional
Materias:
Etiquetas: Agregar Etiqueta
Sin Etiquetas, Sea el primero en etiquetar este registro!
LEADER 00707nam a22002295a 4500
001 CEM.cems013122
005 20090512101910.0
008 130507s1994##################000#0#####d
003 CEMS
020 |a 9500377195 
082 0 4 |a A864.4 
100 1 |a Martínez Estrada, Ezequiel 
245 1 0 |a La cabeza de goliat /  |c Ezequiel Martínez Estrada ; prólogo de Luis Enrique Olivera 
260 |a Buenos Aires :  |b Losada,  |c 1994 
300 |a 26o p. 
490 0 |a Colección Identidad Nacional 
653 |a Literatura 
653 |a Literatura argentina 
653 |a Ensayos 
653 |a Ensayo argentino 
700 1 |a Olivera, Luis Enrique, prol. 
859 |a CEMS  |b BIB. CEMS - 11 de abril  |h A864.4  |i M366-10  |p 25577.09  |t Ej.1